| 000 | 00688nam a2200241Ia 4500 | ||
|---|---|---|---|
| 005 | 20250425162540.0 | ||
| 008 | 250425s9999 xx 000 0 und d | ||
| 020 | _a0072321032 | ||
| 041 | _aeng | ||
| 082 |
_a621.3824 _pKRA |
||
| 100 | _aKraus, John D. | ||
| 245 | 0 |
_aAntennas _bfor All Applications _cJohn D. Kraus, Ronald J. Marhefka |
|
| 250 | _aTercera ed. | ||
| 260 |
_aEstados Unidos _bMcGraw-Hill _c2002 |
||
| 300 |
_a938 p. _bIlustrado _c24 cm |
||
| 500 | _aIncluye tabla de contenido, bibliografía, índice | ||
| 650 | _aAntenas Dipolo | ||
| 650 | _aAntenas-Aplicaciones | ||
| 650 | _aTerahertz | ||
| 902 |
_aMonográfico _cImpreso |
||
| 942 | _c01 | ||
| 010 | _a84774 | ||
| 999 |
_c231508 _d231508 |
||